[Event "La Zubia op"]
[Site "La Zubia"]
[Date "2023.12.08"]
[Round "4"]
[White "Winkel, Peter"]
[Black "Espinosa Aranda, Angel"]
[Result "0-1"]
[WhiteElo "2136"]
[BlackElo "2428"]
[PlyCount "88"]
[EventDate "2023.12.07"]
[EventType "swiss"]
[EventRounds "7"]
[EventCountry "ESP"]
[SourceTitle "CB50_2023"]
[SourceDate "2023.12.13"]
[SourceVersion "1"]
[SourceVersionDate "2023.12.13"]
[SourceQuality "1"]

1. Nf3 c5 2. c4 g6 3. e4 Bg7 4. d4 Qa5+ 5. Nc3 Nf6 6. Bd2 cxd4 7. Nxd4 0-0 8. Nc2 d6 9. Be2 Nbd7 10. 0-0 Qd8 11. Be3 b6 12. f3 Bb7 13. Qd2 Rc8 14. Nd4 a6 15. Rac1 Re8 16. Rfd1 e6 17. Bg5 Bf8 18. Bf1 Be7 19. Nc2 Qc7 20. Ne1 Qb8 21. b3 Rcd8 22. Be3 d5 23. cxd5 exd5 24. Nxd5 Nxd5 25. exd5 Bd6 26. g3 Ba3 27. Rc4 Ne5 28. Bxb6 Rxd5 29. Rd4 Rxd4 30. Bxd4 Qd6 31. Bg2 Bb4 32. Qf2 Nc6 33. Nc2 Bc5 34. b4 Bb6 35. f4 Nxd4 36. Rxd4 Bxd4 37. Qxd4 Qxd4+ 38. Nxd4 Bxg2 39. Kxg2 Re4 40. Nc6 Re2+ 41. Kh3 Rxa2 42. g4 f6 43. Kg3 Ra3+ 44. Kf2 Kf8 0-1

[Event "ESP-chT CECLUB Div1"]
[Site "Linares"]
[Date "2023.08.21"]
[Round "2.4"]
[White "Bas Mas, Miguel"]
[Black "Espinosa Aranda, Angel"]
[Result "1/2-1/2"]
[WhiteElo "2107"]
[BlackElo "2440"]
[PlyCount "151"]
[EventDate "2023.08.20"]
[EventType "team-tourn"]
[EventRounds "7"]
[EventCountry "ESP"]
[SourceTitle "CBM 215 Extra"]
[Source "ChessBase"]
[SourceDate "2023.09.30"]
[SourceVersion "1"]
[SourceVersionDate "2023.09.30"]
[SourceQuality "1"]
[WhiteTeam "Xeraco CE"]
[BlackTeam "Oromana CEN Solutions"]
[WhiteTeamCountry "ESP"]
[BlackTeamCountry "ESP"]

1. e4 c5 2. Nc3 Nc6 3. Bb5 Nd4 4. Nf3 e6 5. 0-0 a6 6. Bd3 Nc6 7. b3 g6 8. Bb2 Bg7 9. Na4 Bxb2 10. Nxb2 d6 11. Re1 e5 12. c3 Nf6 13. Bf1 0-0 14. h3 Re8 15. d3 b5 16. Qd2 Bb7 17. Qg5 b4 18. c4 Nh5 19. Qxd8 Rexd8 20. g3 Ng7 21. Nd1 Ne6 22. Ne3 Ned4 23. Nd2 Kg7 24. Be2 a5 25. Bd1 Rf8 26. Nd5 Bc8 27. Kg2 Be6 28. Nc7 Ra7 29. Nxe6+ fxe6 30. Rb1 Ne7 31. Nf3 Nxf3 32. Bxf3 a4 33. Rb2 Nc6 34. Reb1 Nd4 35. Bd1 axb3 36. axb3 Rfa8 37. Kf1 h5 38. Ke1 Rf8 39. Rd2 Kh6 40. Rdb2 Kg5 41. h4+ Kh6 42. Rd2 g5 43. hxg5+ Kxg5 44. Rbb2 Rfa8 45. f4+ exf4 46. gxf4+ Kxf4 47. Rh2 Rh8 48. Rbf2+ Ke5 49. Rhg2 d5 50. exd5 Ra1 51. dxe6 Re8 52. Ra2 Nf3+ 53. Kf1 Rxd1+ 54. Ke2 Rxd3 55. Kxd3 Ne1+ 56. Ke3 Nxg2+ 57. Rxg2 Rxe6 58. Rg8 Kf5+ 59. Kf3 Re5 60. Rf8+ Kg6 61. Kf4 Re1 62. Rg8+ Kf6 63. Rc8 Rf1+ 64. Ke4 Re1+ 65. Kf4 Rb1 66. Rc6+ Ke7 67. Rxc5 Rxb3 68. Rxh5 Rc3 69. Ke5 Rxc4 70. Kd5 Rg4 71. Rh7+ Kd8 72. Kc5 b3 73. Rb7 Rg3 74. Kc4 Kc8 75. Rxb3 Rxb3 76. Kxb3 1/2-1/2

[Event "ESP-ch Rapid"]
[Site "Linares"]
[Date "2023.08.19"]
[Round "1"]
[White "Espinosa Aranda, Angel"]
[Black "Castillo Rodriguez, Angel Luis"]
[Result "1-0"]
[WhiteElo "2440"]
[BlackElo "2082"]
[PlyCount "93"]
[EventDate "2023.08.19"]
[EventType "swiss (rapid)"]
[EventRounds "10"]
[EventCountry "ESP"]
[SourceTitle "CBM 215 Extra"]
[Source "ChessBase"]
[SourceDate "2023.09.30"]
[SourceVersion "1"]
[SourceVersionDate "2023.09.30"]
[SourceQuality "1"]

1. e4 g6 2. d4 Nf6 3. e5 Nh5 4. Be2 d6 5. Nf3 Nc6 6. 0-0 Bg7 7. exd6 Qxd6 8. d5 Nb4 9. c4 Bf5 10. Na3 0-0 11. Nd4 Nf4 12. Nxf5 gxf5 13. Nb5 Nxe2+ 14. Qxe2 Qd7 15. Bg5 Rfe8 16. Rad1 c6 17. Nc3 c5 18. a3 Na6 19. Rd3 Nc7 20. Rg3 Kh8 21. Qh5 Qd6 22. Qxf7 Qg6 23. Qxg6 hxg6 24. Re1 e5 25. d6 Ne6 26. Be7 Kh7 27. Nd5 e4 28. Bf6 Nf8 29. Bxg7 Kxg7 30. Nc7 Rad8 31. Nxe8+ Rxe8 32. Rd1 Rd8 33. b4 b6 34. bxc5 bxc5 35. Rb3 Rd7 36. f3 Ne6 37. fxe4 fxe4 38. Re3 Nd4 39. Rxe4 Rxd6 40. Rf1 Nf5 41. g4 Nd4 42. Re7+ Kh6 43. h4 Nc6 44. Rc7 Ne5 45. Rf8 Rd1+ 46. Kg2 Rd2+ 47. Kf1 1-0

[Event "ESP-ch Rapid"]
[Site "Linares"]
[Date "2023.08.19"]
[Round "7"]
[White "Espinosa Aranda, Angel"]
[Black "Grigoryan, Karen H"]
[Result "0-1"]
[WhiteElo "2440"]
[BlackElo "2619"]
[PlyCount "110"]
[EventDate "2023.08.19"]
[EventType "swiss (rapid)"]
[EventRounds "10"]
[EventCountry "ESP"]
[SourceTitle "CBM 215 Extra"]
[Source "ChessBase"]
[SourceDate "2023.09.30"]
[SourceVersion "1"]
[SourceVersionDate "2023.09.30"]
[SourceQuality "1"]

1. e4 c5 2. Nf3 e6 3. b3 b6 4. Bb2 Bb7 5. Qe2 Nc6 6. g3 d5 7. exd5 Qxd5 8. Bg2 Nf6 9. 0-0 Be7 10. Na3 0-0 11. Nc4 Nd4 12. Bxd4 cxd4 13. a4 Qd8 14. Rfe1 Rc8 15. Nfe5 Bxg2 16. Kxg2 a6 17. Qf3 Nd5 18. Qe4 Bc5 19. Nd3 Qc7 20. Nce5 Rfd8 21. Nxc5 Qxc5 22. Rac1 b5 23. axb5 axb5 24. h4 Nf6 25. Qf3 Rd5 26. c4 dxc3 27. Qxc3 h5 28. Qa5 Qf8 29. Rxc8 Qxc8 30. Qa7 Nd7 31. Nxd7 Rxd7 32. Qb6 Qa8+ 33. Kg1 Qd5 34. Qb8+ Rd8 35. Qe5 Qxd2 36. Ra1 Qd4 37. Qe1 Rd5 38. Rc1 Rf5 39. Qe2 g6 40. Re1 Qc3 41. Rb1 Rd5 42. Qe4 b4 43. Qf4 Kg7 44. Qc4 Qd2 45. Ra1 Rf5 46. Rf1 Rf3 47. Qe4 Rxb3 48. Qe5+ Kg8 49. Qb8+ Kh7 50. Qf8 Rf3 51. Qc5 b3 52. Rb1 b2 53. Kg2 Rb3 54. Qe7 Qd5+ 55. Kg1 Qf5 0-1

[Event "Marseille Estival 1st"]
[Site "Marseille"]
[Date "2023.08.06"]
[Round "9"]
[White "Chatrefou, Thomas"]
[Black "Espinosa Aranda, Angel"]
[Result "0-1"]
[WhiteElo "1907"]
[BlackElo "2440"]
[PlyCount "56"]
[EventDate "2023.07.31"]
[EventType "swiss"]
[EventRounds "9"]
[EventCountry "FRA"]
[SourceTitle "CBM 215 Extra"]
[Source "ChessBase"]
[SourceDate "2023.09.30"]
[SourceVersion "1"]
[SourceVersionDate "2023.09.30"]
[SourceQuality "1"]

1. e4 c5 2. Nf3 d6 3. d4 cxd4 4. Nxd4 Nf6 5. Nc3 Nc6 6. Bg5 e6 7. Qd2 h6 8. Bxf6 gxf6 9. 0-0-0 a6 10. Nxc6 bxc6 11. Bc4 Rb8 12. Rhe1 Be7 13. f4 Qb6 14. Bb3 a5 15. Na4 Qb4 16. a3 Qxd2+ 17. Rxd2 h5 18. f5 Rg8 19. g3 Rg5 20. Re3 d5 21. h4 Rg4 22. exd5 cxd5 23. c4 Bf8 24. Kc2 Bh6 25. Rde2 Bxe3 26. Rxe3 d4 27. Re1 d3+ 28. Kc3 d2 0-1

[Event "Marseille Estival 1st"]
[Site "Marseille"]
[Date "2023.08.04"]
[Round "7"]
[White "Espinosa Aranda, Angel"]
[Black "Zienkiewicz, Jan"]
[Result "1-0"]
[WhiteElo "2440"]
[BlackElo "2177"]
[PlyCount "81"]
[EventDate "2023.07.31"]
[EventType "swiss"]
[EventRounds "9"]
[EventCountry "FRA"]
[SourceTitle "CBM 215 Extra"]
[Source "ChessBase"]
[SourceDate "2023.09.30"]
[SourceVersion "1"]
[SourceVersionDate "2023.09.30"]
[SourceQuality "1"]

1. e4 c5 2. Nf3 Nc6 3. Bb5 e6 4. 0-0 Nge7 5. Re1 h6 6. Bxc6 Nxc6 7. d4 cxd4 8. Nxd4 e5 9. Nb5 d6 10. c4 Be7 11. Be3 Be6 12. N1a3 0-0 13. Qd2 a6 14. Nc3 Bg5 15. Rad1 Bxe3 16. Rxe3 Nd4 17. Ne2 Nxe2+ 18. Qxe2 Qc7 19. h3 Rac8 20. Qd2 Rfd8 21. Rd3 Qb6 22. b3 Rc6 23. Nc2 Kh7 24. Nb4 Rc5 25. Nd5 Qa7 26. Ne3 Rc6 27. Qb4 Qb8 28. a4 Rd7 29. Nd5 Qd8 30. Qd2 Rc5 31. Kh2 Bxd5 32. Rxd5 Qb6 33. Rxd6 Rxd6 34. Qxd6 Qxb3 35. Rd5 Rxd5 36. cxd5 Qxa4 37. Qxe5 Qd7 38. d6 Kg6 39. Qe7 Qc6 40. d7 Qc7+ 41. g3 1-0

[Event "FRA-chT Top 16 GpB"]
[Site "Chartres"]
[Date "2023.06.02"]
[Round "2.4"]
[White "Oparin, Grigoriy"]
[Black "Espinosa Aranda, Angel"]
[Result "1/2-1/2"]
[WhiteElo "2667"]
[BlackElo "2442"]
[PlyCount "104"]
[EventDate "2023.06.01"]
[EventType "team-tourn"]
[EventRounds "7"]
[EventCountry "FRA"]
[SourceTitle "CBM 214 Extra"]
[Source "ChessBase"]
[SourceDate "2023.07.31"]
[SourceVersion "1"]
[SourceVersionDate "2023.07.31"]
[SourceQuality "1"]
[WhiteTeam "Asnieres"]
[BlackTeam "Marseille"]
[WhiteTeamCountry "FRA"]
[BlackTeamCountry "FRA"]

1. d4 Nf6 2. c4 e6 3. Nc3 Bb4 4. Nf3 b6 5. e3 Bb7 6. Bd3 0-0 7. 0-0 c5 8. Re1 d6 9. Bd2 Nbd7 10. Qe2 Bxc3 11. Bxc3 Ne4 12. Bxe4 Bxe4 13. Rad1 Qe7 14. Nd2 Bb7 15. e4 cxd4 16. Bxd4 Rac8 17. f3 Rfd8 18. Nb1 Nf8 19. Nc3 Ng6 20. b3 Bc6 21. Qb2 Qg5 22. Be3 Qf6 23. Re2 Rd7 24. Qd2 h6 25. Qe1 Rcd8 26. Bd4 Qg5 27. Qg3 d5 28. cxd5 exd5 29. e5 Re8 30. Re3 Rde7 31. Rde1 Nf4 32. Ne2 Nxe2+ 33. R1xe2 Qxg3 34. hxg3 Bb5 35. Rd2 f6 36. f4 fxe5 37. Bxe5 Rd7 38. a4 Ba6 39. Kf2 d4 40. Rxd4 Rxd4 41. Bxd4 Rxe3 42. Kxe3 Bb7 43. Kd3 Bd5 44. Kc3 Kf7 45. b4 g6 46. b5 Ke6 47. Be5 h5 48. Kb4 Kd7 49. a5 bxa5+ 50. Kxa5 Kc8 51. Ka6 Bxg2 52. Kxa7 Be4 1/2-1/2

[Event "Alicante Easter op 7th"]
[Site "La Nucia"]
[Date "2023.04.08"]
[Round "6"]
[White "Bettalli, Francesco"]
[Black "Espinosa Aranda, Angel"]
[Result "0-1"]
[WhiteElo "2200"]
[BlackElo "2429"]
[PlyCount "56"]
[EventDate "2023.04.05"]
[EventType "swiss"]
[EventRounds "9"]
[EventCountry "ESP"]
[SourceTitle "CBM 213 Extra"]
[Source "ChessBase"]
[SourceDate "2023.05.31"]
[SourceVersion "1"]
[SourceVersionDate "2023.05.31"]
[SourceQuality "1"]

1. e4 c5 2. Nf3 Nc6 3. Nc3 g6 4. Bb5 Bg7 5. 0-0 e5 6. a3 Nge7 7. b4 d6 8. bxc5 dxc5 9. d3 0-0 10. Bc4 h6 11. Re1 Qd6 12. Nd2 Kh7 13. Rb1 b6 14. Nf1 f5 15. exf5 gxf5 16. Ng3 Nd4 17. f4 Bb7 18. fxe5 Qc6 19. Qd2 f4 20. Nge4 f3 21. Rf1 Qg6 22. g3 Bxe5 23. Kh1 Ne2 24. Nd1 Bxe4 25. dxe4 Rad8 26. Bd3 Qh5 27. Rf2 Nxg3+ 28. Kg1 Rg8 0-1

[Event "Alicante Easter op 7th"]
[Site "La Nucia"]
[Date "2023.04.07"]
[Round "5"]
[White "Espinosa Aranda, Angel"]
[Black "Sosa, Tomas Sebastian"]
[Result "0-1"]
[WhiteElo "2429"]
[BlackElo "2544"]
[PlyCount "102"]
[EventDate "2023.04.05"]
[EventType "swiss"]
[EventRounds "9"]
[EventCountry "ESP"]
[SourceTitle "CBM 213 Extra"]
[Source "ChessBase"]
[SourceDate "2023.05.31"]
[SourceVersion "1"]
[SourceVersionDate "2023.05.31"]
[SourceQuality "1"]

1. e4 e5 2. Nf3 d6 3. d4 exd4 4. Nxd4 Nf6 5. Nc3 Be7 6. Qf3 0-0 7. Nf5 Bxf5 8. Qxf5 c6 9. Be3 b5 10. Bd3 Nbd7 11. 0-0 g6 12. Qh3 Ne5 13. Bd4 Nxd3 14. Qxd3 Re8 15. Rfe1 b4 16. Ne2 d5 17. exd5 Qxd5 18. Nf4 Qd6 19. Be5 Qxd3 20. Nxd3 Nd7 21. Rad1 c5 22. Bf4 Nb6 23. Be3 Na4 24. b3 Nc3 25. Ra1 Bf6 26. Kf1 Nd5 27. Rad1 Nxe3+ 28. Rxe3 Rxe3 29. fxe3 Rc8 30. Nf4 Rc6 31. Rd7 Ra6 32. Rc7 Ra5 33. Ke2 Be5 34. Rc6 Kf8 35. Nd3 Bxh2 36. Nxc5 Ke7 37. Kf3 Rxa2 38. Nd3 Bd6 39. e4 f6 40. e5 fxe5 41. Ke4 Ra5 42. Rc8 Ke6 43. g4 Ra1 44. Re8+ Be7 45. Nxb4 Re1+ 46. Kd3 Kf7 47. Rb8 e4+ 48. Kd2 Rg1 49. Nd5 Bg5+ 50. Ke2 Rg2+ 51. Kf1 Rxc2 0-1

[Event "ESP-ch 87th"]
[Site "Linares"]
[Date "2022.08.17"]
[Round "8"]
[White "Domingo Nunez, Ruben"]
[Black "Espinosa Aranda, Angel"]
[Result "1/2-1/2"]
[WhiteElo "2355"]
[BlackElo "2426"]
[PlyCount "52"]
[EventDate "2022.08.11"]
[EventType "swiss"]
[EventRounds "9"]
[EventCountry "ESP"]
[SourceTitle "CBM 209 Extra"]
[Source "ChessBase"]
[SourceDate "2022.09.30"]
[SourceVersion "1"]
[SourceVersionDate "2022.09.30"]
[SourceQuality "1"]

1. e4 c5 2. Nf3 e6 3. d4 cxd4 4. Nxd4 Nc6 5. Nc3 Qc7 6. Be2 Nf6 7. 0-0 Be7 8. Be3 0-0 9. f4 d6 10. Qe1 Nxd4 11. Bxd4 e5 12. fxe5 dxe5 13. Qg3 Bc5 14. Bxc5 Qxc5+ 15. Kh1 Kh8 16. Rxf6 gxf6 17. Qh4 Rg8 18. Qxf6+ Rg7 19. Qd8+ Rg8 20. Qf6+ Rg7 21. Rd1 Be6 22. Rd8+ Rxd8 23. Qxd8+ Rg8 24. Qf6+ Rg7 25. Qd8+ Rg8 26. Qf6+ Rg7 1/2-1/2

[Event "ESP-ch 87th"]
[Site "Linares"]
[Date "2022.08.14"]
[Round "5"]
[White "Espinosa Aranda, Angel"]
[Black "Masague Artero, Guerau"]
[Result "1-0"]
[WhiteElo "2426"]
[BlackElo "2319"]
[PlyCount "57"]
[EventDate "2022.08.11"]
[EventType "swiss"]
[EventRounds "9"]
[EventCountry "ESP"]
[SourceTitle "CBM 209 Extra"]
[Source "ChessBase"]
[SourceDate "2022.09.30"]
[SourceVersion "1"]
[SourceVersionDate "2022.09.30"]
[SourceQuality "1"]

1. e4 c5 2. Nf3 Nc6 3. Bb5 d6 4. 0-0 Bd7 5. Re1 a6 6. Bf1 Nf6 7. c3 Bg4 8. d4 Bxf3 9. gxf3 cxd4 10. cxd4 d5 11. Nc3 e6 12. Bg5 Be7 13. Bxf6 Bxf6 14. exd5 Nxd4 15. Re4 Qb6 16. Qa4+ Kf8 17. Rd1 Nxf3+ 18. Kg2 Qxb2 19. Re3 Nd2 20. dxe6 fxe6 21. Qd7 Rd8 22. Qxe6 Qc2 23. Bc4 Qg6+ 24. Rg3 Qe8 25. Qxe8+ Kxe8 26. Bd5 Rc8 27. Re3+ Kd8 28. Ne2 Rc2 29. Bb3 1-0

[Event "Seville op 47th"]
[Site "Seville"]
[Date "2022.07.19"]
[Round "5"]
[White "Manolache, Marius"]
[Black "Espinosa Aranda, Angel"]
[Result "1-0"]
[WhiteElo "2469"]
[BlackElo "2439"]
[PlyCount "65"]
[EventDate "2022.07.16"]
[EventType "swiss"]
[EventRounds "9"]
[EventCountry "ESP"]
[SourceTitle "CBM 209 Extra"]
[Source "ChessBase"]
[SourceDate "2022.09.30"]
[SourceVersion "1"]
[SourceVersionDate "2022.09.30"]
[SourceQuality "1"]

1. d4 d5 2. Nf3 Nf6 3. c4 dxc4 4. e3 e6 5. Bxc4 c5 6. 0-0 a6 7. Re1 Nc6 8. a3 b5 9. Ba2 Bb7 10. Nc3 Be7 11. d5 exd5 12. Nxd5 Nxd5 13. Bxd5 0-0 14. e4 Qc7 15. Qc2 Rad8 16. Be3 Na5 17. Rad1 Bxd5 18. exd5 Nc4 19. Bg5 Rfe8 20. b3 Nb6 21. d6 Rxd6 22. Bf4 Rxd1 23. Bxc7 Rxe1+ 24. Nxe1 Bd6 25. Kf1 Bxc7 26. Qxc5 Bd8 27. Qd6 Rf8 28. Nc2 a5 29. Qc6 b4 30. axb4 axb4 31. Nxb4 g6 32. Nd3 Kg7 33. Nc5 1-0

[Event "Madrid-chT Honor 2122"]
[Site "Madrid"]
[Date "2022.03.06"]
[Round "12.1"]
[White "Pulvett Marin, Daniel Eduardo"]
[Black "Espinosa Aranda, Angel"]
[Result "1-0"]
[WhiteElo "2498"]
[BlackElo "2450"]
[PlyCount "59"]
[EventDate "2021.11.27"]
[EventType "team-tourn"]
[EventRounds "14"]
[EventCountry "ESP"]
[SourceTitle "EXT 2024"]
[Source "ChessBase"]
[SourceDate "2023.10.10"]
[SourceVersion "1"]
[SourceVersionDate "2023.10.10"]
[SourceQuality "1"]
[WhiteTeam "Collado Villalba"]
[BlackTeam "Virgen de Atocha"]
[WhiteTeamCountry "ESP"]
[BlackTeamCountry "ESP"]

1. d4 Nf6 2. c4 e6 3. Nf3 Bb4+ 4. Nbd2 0-0 5. a3 Be7 6. e4 d6 7. Be2 Nfd7 8. b4 e5 9. d5 a5 10. Bb2 c6 11. 0-0 axb4 12. axb4 Rxa1 13. Qxa1 Na6 14. Bc3 cxd5 15. cxd5 Nb6 16. b5 Nc7 17. Qa7 Nbxd5 18. exd5 Nxd5 19. Ba5 Qe8 20. Re1 Nf4 21. Bf1 f6 22. g3 Qg6 23. Kh1 Ne6 24. Bc4 f5 25. Bb4 Re8 26. Qa3 e4 27. Nd4 Kh8 28. Nxe6 Bxe6 29. Bxd6 Bg5 30. Bf4 1-0